000 00272nam a22001337a 4500
020 _a978-8185594927
041 _aENG
100 _aPandya
245 _aMachine Design
260 _aIndia
_bCharotar Pub House
_c1962
300 _a1064
650 _aFMP
856 _uFMP
999 _c1375
_d1375